Historia Económica y Urbana de Osorno [La transformación de la ciudad en el cambio de siglo].

में बचाया:
ग्रंथसूची विवरण
मुख्य लेखक: Peralta Vidal, Gabriel (autor)
स्वरूप: पुस्तक
भाषा:स्पेनिश
प्रकाशित: Osorno, Chile: Impresur Ediciones, 1991.
विषय:
टैग: टैग जोड़ें
कोई टैग नहीं, इस रिकॉर्ड को टैग करने वाले पहले व्यक्ति बनें!

MARC

LEADER 00000cam a2200000 a 4500
001 UCO2615
003 CL-VaPUC
005 20241021081240.0
008 000608t19910000CL |||||||||||||||||spa|d
999 |c 289119  |d 289117 
040 |c Pontificia Universidad Católica de Valparaíso 
082 0 4 |a 983.53 PER 1991  |2 21 
100 |a Peralta Vidal, Gabriel  |e autor  |9 892461 
245 1 0 |a Historia Económica y Urbana de Osorno  |b [La transformación de la ciudad en el cambio de siglo]. 
260 |a Osorno, Chile:  |b Impresur Ediciones,  |c 1991. 
300 |a 320 páginas: ilustraciones. 
500 |a c.2: Donación Profesor Sr. Eduardo Cavieres. 05-08-2019. Contiene dedicatoria de autor: "Para don Eduardo Cavieres, un gran apoyo a esta investigación". - 13-05-92. 
583 |a last modification  |c 20190809 10:01:45  |k Rodrigo Vera 
651 0 |a Osorno  |9 268936  |x Urbanismo   |x Historia económica  
852 |a BIBCUR 
942 |c BK  |2 ddc 
945 |d 20000608 00:00:00  |a crobeson 
952 |0 0  |1 0  |2 ddc  |4 0  |6 983_530000000000000_PER_1991  |7 0  |8 A  |9 337301  |a BIBHIS  |b BIBHIS  |d 2019-11-20  |i 1293400  |o 983.53 PER 1991  |p 1293400  |r 2025-01-20  |t 1  |w 2019-11-20  |y BK  |k HIS 
952 |0 0  |1 0  |2 ddc  |3 erb  |4 0  |6 983_530000000000000_PER_1991  |7 0  |8 X  |9 337302  |a FDOBUD  |b FDOBUD  |i 5595207  |o 983.53 PER 1991  |p 5595207  |r 2019-11-20  |t 2  |w 2019-11-20  |y BK_X  |z Catalogado en:20190809  |k BUD